[Event "TCh-CHN 2015"]
[Site "China CHN"]
[Date "2015.04.13"]
[Round "4.1"]
[Board "2"]
[White "Mu, Ke"]
[Black "Zhao, Yuanhe"]
[Result "0-1"]
[WhiteElo "2392"]
[BlackElo "2217"]
[WhiteTeam "Qingdao"]
[BlackTeam "Chengdu"]
[WhiteFideId "8602778"]
[BlackFideId "8609497"]
[EventDate "2015.04.10"]

1. d4 Nf6 2. c4 g6 3. Nc3 d5 4. cxd5 Nxd5 5. e4 Nxc3 6. bxc3 Bg7 7. Nf3 c5 8.
Rb1 O-O 9. Be2 Qc7 10. O-O b6 11. Bg5 Bb7 12. Qd3 Nd7 13. e5 f6 14. exf6 exf6
15. Bh4 Rae8 16. Bg3 Qc6 17. Qb5 Kh8 18. Rfd1 f5 19. d5 Qc8 20. Bd6 Rf6 21. Bf4
h6 22. h4 a6 23. Qb2 Kh7 24. Qd2 c4 25. Bf1 b5 26. Re1 Nc5 27. Rxe8 Qxe8 28. Be5
Rf7 29. Bxg7 Rxg7 30. Qd4 Qe4 31. Re1 Qxd4 32. Nxd4 Bxd5 33. Re5 Rd7 34. h5 Ne4
35. hxg6+ Kxg6 36. Nxf5 Nxc3 37. Nh4+ Kf6 38. Rh5 Nxa2 39. Rxh6+ Ke5 40. Rxa6 c3
41. Nf3+ Bxf3 42. Rxa2 Bd5 43. f4+ Kd4 0-1

[Event "TCh-CHN 2015"]
[Site "China CHN"]
[Date "2015.04.13"]
[Round "4.1"]
[Board "3"]
[White "Inarkiev, Ernesto"]
[Black "Xu, Xiangyu CHN"]
[Result "1-0"]
[WhiteTitle "GM"]
[WhiteElo "2706"]
[BlackElo "2243"]
[WhiteTeam "Qingdao"]
[BlackTeam "Chengdu"]
[WhiteFideId "4162722"]
[BlackFideId "8608288"]
[EventDate "2015.04.10"]

1. d4 Nf6 2. c4 g6 3. Nc3 d5 4. Nf3 Bg7 5. e3 O-O 6. Be2 b6 7. O-O Bb7 8. b4
Nbd7 9. Rb1 dxc4 10. Bxc4 e5 11. b5 Ne4 12. Nxe4 Bxe4 13. Ba3 Re8 14. Rb3 Qf6
15. Nd2 Bb7 16. e4 Qd8 17. Rf3 Bf6 18. Qb3 Kg7 19. Bxf7 Rh8 20. Bd5 Bxd5 21.
exd5 exd4 22. Ne4 Re8 23. Nxf6 Nxf6 24. d6 cxd6 25. Bb2 Re4 26. Qd3 Qe7 27. Bxd4
Rf8 28. h3 Rf7 29. Rc1 Re6 30. Rc6 Kg8 31. Rc8+ Ne8 32. Re3 Rxe3 33. Bxe3 Qe5
34. Bd4 Qe6 35. Qc2 Re7 36. a4 h5 37. Kh2 Kh7 38. Qc1 Qf5 39. Rd8 h4 40. Be3 Nf6
41. Rxd6 Nd5 42. Bd4 Rc7 43. Rd8 g5 44. Rxd5 1-0

[Event "TCh-CHN 2015"]
[Site "China CHN"]
[Date "2015.04.13"]
[Round "4.1"]
[Board "4"]
[White "Li, Yunshan"]
[Black "Yuan, Ye"]
[Result "0-1"]
[WhiteTitle "WFM"]
[WhiteElo "1916"]
[BlackElo "2114"]
[WhiteTeam "Chengdu"]
[BlackTeam "Qingdao"]
[WhiteFideId "8607664"]
[BlackFideId "8608415"]
[EventDate "2015.04.10"]

1. d4 Nf6 2. c4 g6 3. Nc3 d5 4. cxd5 Nxd5 5. Bd2 Nb6 6. Bf4 Bg7 7. e3 c5 8. dxc5
N6d7 9. Bb5 O-O 10. Nge2 Nc6 11. O-O e5 12. Bg3 Nxc5 13. Qxd8 Rxd8 14. Rfd1 Be6
15. f3 Nb4 16. e4 a6 17. Bf2 Bf8 18. a3 Nc2 19. Rac1 Nd4 20. Nxd4 exd4 21. Na4
Nb3 22. Bd3 Nxc1 23. Rxc1 Rac8 24. Re1 Rc6 25. b4 b5 26. Nc5 Bxc5 27. Rc1 Bc4
28. Bxc4 bxc4 29. bxc5 Rxc5 30. Kf1 c3 31. Ke1 Ra5 32. Ra1 d3 33. Kd1 Rb5 34.
Rc1 d2 35. Ra1 Rb2 0-1

[Event "TCh-CHN 2015"]
[Site "China CHN"]
[Date "2015.04.13"]
[Round "4.2"]
[Board "1"]
[White "Ma, Qun"]
[Black "Wan, Yunguo"]
[Result "1/2-1/2"]
[WhiteTitle "GM"]
[BlackTitle "IM"]
[WhiteElo "2609"]
[BlackElo "2477"]
[WhiteTeam "Tianjing"]
[BlackTeam "Heibei"]
[WhiteFideId "8603154"]
[BlackFideId "8603189"]
[EventDate "2015.04.10"]

1. e4 e6 2. d4 d5 3. Nd2 Nf6 4. e5 Nfd7 5. Bd3 c5 6. c3 Nc6 7. Ne2 cxd4 8. cxd4
f6 9. exf6 Nxf6 10. Nf3 Bd6 11. O-O O-O 12. Re1 e5 13. dxe5 Nxe5 14. Nxe5 Bxe5
15. h3 Ne4 16. Be3 Nxf2 17. Bxf2 Rxf2 18. Kxf2 Qb6+ 19. Kf1 Bxh3 20. Ng1 Rf8+
21. Nf3 Bg3 22. Qe2 Bg4 23. Qe3 Qxb2 24. Rab1 Qxa2 25. Re2 Qa4 26. Rxb7 Qd1+ 27.
Re1 Qxe1+ 28. Qxe1 Bxe1 29. Kxe1 Bxf3 30. gxf3 Rxf3 1/2-1/2

[Event "TCh-CHN 2015"]
[Site "China CHN"]
[Date "2015.04.13"]
[Round "4.2"]
[Board "2"]
[White "Wang, Yue"]
[Black "Wang, Rui"]
[Result "1-0"]
[WhiteTitle "GM"]
[BlackTitle "GM"]
[WhiteElo "2726"]
[BlackElo "2403"]
[WhiteTeam "Tianjing"]
[BlackTeam "Heibei"]
[WhiteFideId "8601429"]
[BlackFideId "8601003"]
[EventDate "2015.04.10"]

1. Nf3 c5 2. e4 e6 3. d4 cxd4 4. Nxd4 Nf6 5. Nc3 d6 6. g4 a6 7. g5 Nfd7 8. Be3
b5 9. a3 Bb7 10. h4 Nc6 11. Nxc6 Bxc6 12. Qd4 Qc7 13. Be2 Qb7 14. h5 e5 15. Qd2
Be7 16. O-O-O Nb6 17. g6 O-O 18. Rdg1 Nc4 19. Bxc4 bxc4 20. Qe2 Rab8 21. h6 fxg6
22. Qxc4+ Rf7 23. Rxg6 hxg6 24. h7+ Kh8 25. Qxf7 Bxe4 26. Nxe4 Qxe4 27. Rd1 Qb7
28. b3 g5 29. Kb2 Rf8 30. Qe6 Qc7 31. c4 Rf6 1-0

[Event "TCh-CHN 2015"]
[Site "China CHN"]
[Date "2015.04.13"]
[Round "4.2"]
[Board "5"]
[White "Zhai, Mo"]
[Black "Ni, Shiqun"]
[Result "1/2-1/2"]
[WhiteTitle "WIM"]
[BlackTitle "WIM"]
[WhiteElo "2324"]
[BlackElo "2315"]
[WhiteTeam "Heibei"]
[BlackTeam "Tianjing"]
[WhiteFideId "8600201"]
[BlackFideId "8608466"]
[EventDate "2015.04.10"]

1. d4 Nf6 2. c4 g6 3. Nc3 d5 4. cxd5 Nxd5 5. e4 Nxc3 6. bxc3 Bg7 7. Nf3 c5 8.
Rb1 O-O 9. Be2 cxd4 10. cxd4 Qa5+ 11. Bd2 Qxa2 12. O-O Bg4 13. Rxb7 Bxf3 14.
Bxf3 Bxd4 15. Bb4 Rd8 16. Qc1 Na6 17. Bxe7 Rac8 18. Qg5 Re8 19. Bf6 Bxf6 20.
Qxf6 Nc5 21. Re7 Rxe7 22. Qxe7 Qe6 23. Qxa7 Nxe4 24. Qe3 Re8 25. Bxe4 Qxe4 26.
Qxe4 Rxe4 27. g3 h5 28. h4 Kg7 29. Kg2 Kf6 30. Ra1 Re6 31. Kf3 Rb6 32. Ra3 Ke5 1/2-1/2

[Event "TCh-CHN 2015"]
[Site "China CHN"]
[Date "2015.04.13"]
[Round "4.3"]
[Board "1"]
[White "Zeng, Chongsheng"]
[Black "Wang, Chen"]
[Result "1/2-1/2"]
[WhiteTitle "GM"]
[BlackTitle "IM"]
[WhiteElo "2541"]
[BlackElo "2500"]
[WhiteTeam "Guangdong"]
[BlackTeam "Chongqing"]
[WhiteFideId "8603847"]
[BlackFideId "8601020"]
[EventDate "2015.04.10"]

1. b3 b6 2. Bb2 Bb7 3. Nf3 Nf6 4. e3 g6 5. Bxf6 exf6 6. c4 Bg7 7. Nc3 O-O 8. g3
f5 9. Rc1 d6 10. Bg2 Nd7 11. O-O Nf6 12. d3 Re8 13. b4 c5 14. bxc5 dxc5 15. Qb3
Nd7 16. Rfd1 Bxc3 17. Qxc3 Qc7 18. a4 Bc6 19. Ra1 Qb7 20. Ne1 Ne5 21. Bxc6 Nxc6
22. Qb2 Qe7 23. Nf3 Rad8 24. Qc3 Rd7 25. d4 cxd4 26. exd4 Qf6 27. Rd3 Red8 28.
d5 Qxc3 29. Rxc3 Na5 30. Nd4 Rc8 31. Rac1 Rdc7 32. Nb5 Rxc4 33. Rxc4 Rxc4 34.
Rxc4 Nxc4 35. Nxa7 Kf8 1/2-1/2

[Event "TCh-CHN 2015"]
[Site "China CHN"]
[Date "2015.04.13"]
[Round "4.3"]
[Board "2"]
[White "Zhu, Yi"]
[Black "Zhou, Weiqi"]
[Result "0-1"]
[WhiteTitle "FM"]
[BlackTitle "GM"]
[WhiteElo "2288"]
[BlackElo "2627"]
[WhiteTeam "Guangdong"]
[BlackTeam "Chongqing"]
[WhiteFideId "8607435"]
[BlackFideId "8601674"]
[EventDate "2015.04.10"]

1. d4 d5 2. Nf3 Nf6 3. c4 e6 4. Nc3 Nbd7 5. cxd5 exd5 6. Bg5 c6 7. e3 Qa5 8. Nd2
Be7 9. Bd3 O-O 10. O-O Re8 11. Qc2 Nf8 12. a3 Be6 13. b4 Qc7 14. Bf4 Qd8 15. Na4
Nh5 16. Nc5 Nxf4 17. exf4 Bxc5 18. bxc5 Bg4 19. Nb3 Ng6 20. f5 Nf4 21. f3 Bxf5
22. Bxf5 Re2 23. Bxh7+ Kh8 24. Kh1 Rxc2 25. Bxc2 b6 26. Rae1 Qf6 27. Re5 g6 28.
g3 Ne6 29. f4 bxc5 30. dxc5 Kg7 31. Rfe1 Rh8 32. Bd1 Rb8 33. R1e3 a5 34. a4 Rb4
35. h4 Nxf4 36. gxf4 Rxf4 37. Kg2 Rf2+ 0-1

[Event "TCh-CHN 2015"]
[Site "China CHN"]
[Date "2015.04.13"]
[Round "4.3"]
[Board "4"]
[White "Huang, Qian"]
[Black "Munguntuul, Batkhuyag"]
[Result "0-1"]
[WhiteTitle "WGM"]
[BlackTitle "IM"]
[WhiteElo "2473"]
[BlackElo "2426"]
[WhiteTeam "Chongqing"]
[BlackTeam "Guangdong"]
[WhiteFideId "8602689"]
[BlackFideId "4900758"]
[EventDate "2015.04.10"]

1. d4 d5 2. Nf3 Nf6 3. c4 c6 4. Qc2 dxc4 5. Qxc4 Bf5 6. g3 e6 7. Bg2 Nbd7 8. Nc3
Be7 9. O-O O-O 10. Re1 Bg6 11. Qb3 Qb6 12. e4 Qxb3 13. axb3 h6 14. Bf4 Bb4 15.
Nd2 e5 16. dxe5 Ng4 17. e6 fxe6 18. Bh3 h5 19. f3 Bc5+ 20. Kg2 e5 21. Bg5 Ndf6
22. Nc4 Rae8 23. Re2 Bf7 24. Rd1 b5 25. Nd6 Bxd6 26. Rxd6 Bxb3 27. Rxc6 b4 28.
Nb5 Bd1 29. Re1 Bxf3+ 30. Kxf3 Nh7+ 31. Kg2 Nxg5 32. Bxg4 hxg4 33. Rg6 Nf3 34.
Re2 Rc8 35. Rxg4 b3 36. Na3 Rf6 37. Re3 Nd4 38. Rg5 Ra6 39. Re1 Rxa3 40. bxa3
Rc2+ 41. Kh3 Nf3 42. Rb1 Nxg5+ 43. Kg4 Nxe4 44. Rxb3 Rc3 45. Rb8+ Kh7 46. Kf5
Nf2 47. Kxe5 Rxa3 48. Kf5 a5 49. Ra8 a4 50. Kf4 Ra1 51. h4 a3 0-1

[Event "TCh-CHN 2015"]
[Site "China CHN"]
[Date "2015.04.13"]
[Round "4.3"]
[Board "5"]
[White "Tan, Zhongyi"]
[Black "Liu, Manli CHN"]
[Result "1-0"]
[WhiteTitle "WGM"]
[WhiteElo "2487"]
[BlackElo "2033"]
[WhiteTeam "Chongqing"]
[BlackTeam "Guangdong"]
[WhiteFideId "8603642"]
[BlackFideId "8608121"]
[EventDate "2015.04.10"]

1. c4 e6 2. g3 d5 3. Bg2 Nf6 4. Nf3 Be7 5. d4 O-O 6. Nc3 c6 7. O-O Nbd7 8. b3 b6
9. cxd5 exd5 10. Qc2 Bd6 11. Bg5 h6 12. Bf4 Qe7 13. Bxd6 Qxd6 14. Rfd1 Bb7 15.
e3 Rac8 16. Rac1 Rfe8 17. Bh3 Rcd8 18. Qb2 a5 19. Bg2 Ba6 20. Ne2 Rc8 21. Nf4
Ne4 22. Nd3 Bxd3 23. Rxd3 Rc7 24. Rdd1 Rec8 25. Bh3 Ng5 26. Bg2 Ne4 27. Ne1 Qe7
28. Nd3 Ng5 29. Qe2 Ne6 30. Rc2 Qd6 31. h4 Re8 32. Qf1 g6 33. Rdc1 Kg7 34. Qd1
Rec8 35. Qd2 Nf6 36. Nb2 c5 37. dxc5 Rxc5 38. Rxc5 Rxc5 39. Rxc5 Qxc5 40. Na4
Qd6 41. e4 d4 42. e5 Qxe5 43. Nxb6 Qb5 44. Na4 Qf5 45. Bf1 Qf3 46. Be2 Qf5 47.
Bd3 Qd5 48. Bc4 Qe5 49. Nb2 Ng4 50. Nd3 Qf5 51. Qe2 g5 52. hxg5 hxg5 53. Kg2 Kf8
54. Qf3 Nh6 55. Qc6 Kg7 56. Qd5 Kf6 57. a4 Ng4 58. Qf3 Ne5 59. Nxe5 Kxe5 60.
Qxf5+ Kxf5 61. Kf3 Ke5 62. b4 axb4 63. a5 Nd8 64. a6 Nc6 65. Bxf7 Na7 66. Ke2
Kd6 67. f4 gxf4 68. gxf4 Kc7 69. f5 Nc8 70. f6 Nd6 71. Bg6 Kb6 72. Bd3 b3 73.
Kd1 Nf7 74. Kc1 Ne5 75. Kb1 Ka7 76. Bb5 Kb6 77. Kb2 d3 78. Kxb3 d2 79. Kc2 1-0

[Event "TCh-CHN 2015"]
[Site "China CHN"]
[Date "2015.04.13"]
[Round "4.4"]
[Board "3"]
[White "Lin, Chen"]
[Black "Wang, Yiye"]
[Result "1/2-1/2"]
[WhiteTitle "IM"]
[BlackTitle "IM"]
[WhiteElo "2448"]
[BlackElo "2433"]
[WhiteTeam "Jiangsu"]
[BlackTeam "Beijing"]
[WhiteFideId "8602298"]
[BlackFideId "8606021"]
[EventDate "2015.04.10"]

1. e4 e6 2. Nf3 d5 3. exd5 exd5 4. d4 Nf6 5. Bd3 Bd6 6. O-O O-O 7. Bg5 Bg4 8.
Nbd2 Nbd7 9. c3 c6 10. Re1 Qc7 11. Qc2 Rfe8 12. Bh4 Bh5 13. Bg3 Bg6 14. Bxg6
hxg6 15. Bxd6 Qxd6 16. g3 Rxe1+ 17. Rxe1 Re8 18. Rxe8+ Nxe8 19. Qd1 Nc7 20. Qe2
Qe6 21. Qxe6 Nxe6 22. h4 f6 23. Kf1 Kf7 24. Ke2 Ke7 25. Kd3 b6 26. b3 Kd6 27.
Nf1 Nc7 28. Ne3 Ke7 29. Ng2 Ne6 30. Ne3 Nc7 31. Ng2 Ne6 1/2-1/2

[Event "TCh-CHN 2015"]
[Site "China CHN"]
[Date "2015.04.13"]
[Round "4.4"]
[Board "4"]
[White "Wang, Jue"]
[Black "Guo, Qi"]
[Result "1-0"]
[WhiteTitle "WGM"]
[BlackTitle "IM"]
[WhiteElo "2365"]
[BlackElo "2443"]
[WhiteTeam "Beijing"]
[BlackTeam "Jiangsu"]
[WhiteFideId "8604070"]
[BlackFideId "8604002"]
[EventDate "2015.04.10"]

1. e4 c6 2. d4 d5 3. e5 Bf5 4. Nf3 e6 5. Be2 Ne7 6. O-O h6 7. Nbd2 Nd7 8. Nb3
Bh7 9. Ne1 c5 10. Nxc5 Nxc5 11. dxc5 Nc6 12. Nd3 Bxd3 13. Qxd3 Bxc5 14. Qg3 Qc7
15. Bb5 Kf8 16. Bxc6 Qxc6 17. c3 Rc8 18. Bd2 Qc7 19. Rae1 Be7 20. b3 Qa5 21. a4
Qb6 22. Rb1 g6 23. Be3 Bc5 24. Bf4 Be7 25. Rfd1 Kg7 26. h4 h5 27. c4 dxc4 28.
bxc4 Qc7 29. Rd6 Bxd6 30. exd6 Qc6 31. Be5+ f6 32. Bxf6+ Kxf6 33. Qg5+ Kg7 34.
Qe7+ Kh6 35. Rxb7 Qxb7 36. Qxb7 Rxc4 37. Qb2 Rf8 38. Qe5 Rxh4 39. Qe3+ Kg7 40.
Qxe6 Rb4 41. Qe5+ Kh7 42. Qe7+ Kg8 43. d7 Rb1+ 44. Kh2 Rd1 45. Kg3 Rd4 46. f3 a5
47. Qe8 h4+ 48. Kh3 g5 49. Qg6+ Kh8 50. Qh6+ Kg8 51. Qxg5+ Kf7 52. Qf5+ Kg8 53.
Qg6+ Kh8 54. Qh5+ Kg8 55. Qe8 Rd6 56. Kxh4 Rh6+ 57. Kg5 Rd6 58. g4 Rd5+ 59. Kh6
Rd6+ 60. Kh5 Rd5+ 61. g5 Rd6 62. f4 Rd1 63. f5 1-0

[Event "TCh-CHN 2015"]
[Site "China CHN"]
[Date "2015.04.13"]
[Round "4.5"]
[Board "1"]
[White "Lu, Shanglei"]
[Black "Lou, Yiping"]
[Result "1-0"]
[WhiteTitle "GM"]
[BlackTitle "IM"]
[WhiteElo "2570"]
[BlackElo "2453"]
[WhiteTeam "Zhejiang"]
[BlackTeam "Shanghai"]
[WhiteFideId "8603332"]
[BlackFideId "8603928"]
[EventDate "2015.04.10"]

1. e4 e6 2. d4 d5 3. Nd2 c5 4. Ngf3 cxd4 5. exd5 Qxd5 6. Bc4 Qd6 7. O-O Nf6 8.
Nb3 Nc6 9. Nbxd4 Nxd4 10. Qxd4 Qxd4 11. Nxd4 Bd7 12. Be2 Bc5 13. Nb3 Bb6 14. a4
a5 15. Nd2 Bc6 16. Nc4 Bc7 17. Rd1 Nd5 18. Bf3 O-O 19. Bd2 Rfd8 20. Be1 g6 21.
b3 e5 22. Rd2 f5 23. Rad1 e4 24. Be2 Kg7 25. Kf1 h5 26. Rd4 Kf6 27. h4 Ke6 28.
g3 Rd7 29. Bd2 Nf6 30. Rxd7 Nxd7 31. Bf4 Bxf4 32. gxf4 Bd5 33. Ne3 Bc6 34. Nc4
Bd5 35. Ne3 Bc6 36. Bc4+ Ke7 37. Nd5+ Bxd5 38. Rxd5 b6 39. Bb5 Nc5 40. Ke2 Rc8
41. Ke3 Rc7 42. Re5+ Kf7 43. Bc4+ Kf6 44. Re8 Nxa4 45. Rb8 Kg7 46. Kd4 Nb2 47.
Bd5 a4 48. bxa4 Nxa4 49. c4 Kf6 50. Rf8+ Kg7 51. Ra8 Nc5 52. Ke5 e3 53. fxe3
Re7+ 54. Kd4 Nb3+ 55. Kd3 Nc5+ 56. Kd4 Nb3+ 57. Kd3 Nc5+ 58. Ke2 Rd7 59. Rg8+
Kf6 60. Rb8 Rd6 61. Kd2 Nd7 62. Rb7 Ke7 63. Kc3 Kd8 64. Kd4 Kc8 65. Ra7 Kb8 66.
Ra8+ Kc7 67. Ra7+ Kb8 68. Ra8+ Kc7 69. Rh8 Nf6 70. Rf8 Nd7 71. Rf7 Kd8 72. Rg7
Ke8 73. Rg8+ Ke7 74. Ra8 Nf6 75. Rb8 Nd7 76. Rc8 Nf6 77. Ra8 Nd7 78. Rc8 Nf6 79.
Ra8 Nd7 80. Ra1 Nf6 81. Rb1 Nd7 82. Kc3 Nf6 83. Rb5 Ng4 84. e4 fxe4 85. Bxe4 Nf2
86. Bc2 Kf6 87. Rg5 Nd1+ 88. Kb4 Ne3 89. Rxg6+ Ke7 90. Rxd6 Kxd6 91. Be4 Ng4 92.
Kb5 Kc7 93. Bg6 Nf6 94. Bf7 Kb7 95. Kb4 Kc6 96. Kc3 Kd6 97. Kd4 Ke7 98. Bd5 Kd6
99. f5 Ng4 100. Bf3 Nf6 101. Be2 Kd7 102. Ke5 Ke7 103. Bf3 Nd7+ 104. Kf4 Kf6
105. Bxh5 Ne5 106. Be2 Nf7 107. Bf1 Nd6 108. Bd3 Nf7 109. h5 Ne5 110. Ke4 Nd7
111. Kd5 Kg5 112. Kd6 Nc5 113. Bc2 1-0

[Event "TCh-CHN 2015"]
[Site "China CHN"]
[Date "2015.04.13"]
[Round "4.5"]
[Board "3"]
[White "Xu, Minghui"]
[Black "Zhou, Jianchao"]
[Result "0-1"]
[BlackTitle "GM"]
[WhiteElo "2229"]
[BlackElo "2578"]
[WhiteTeam "Zhejiang"]
[BlackTeam "Shanghai"]
[WhiteFideId "8606790"]
[BlackFideId "8603537"]
[EventDate "2015.04.10"]

1. d4 Nf6 2. c4 g6 3. Nc3 d5 4. Nf3 Bg7 5. Bg5 Ne4 6. Bh4 Nxc3 7. bxc3 dxc4 8.
Qa4+ Qd7 9. Qxc4 b6 10. e3 Ba6 11. Qb3 Bxf1 12. Kxf1 O-O 13. Ke2 Nc6 14. Rhd1
Na5 15. Qb4 e6 16. Rab1 Qd5 17. a4 Rfc8 18. Qb5 c5 19. Rdc1 Rc6 20. Be7 Nc4 21.
Qb3 Re8 22. Bh4 Rec8 23. Rc2 Re8 24. Rcc1 Rec8 25. Rc2 Qe4 26. Ra2 cxd4 27. cxd4
Nxe3 28. fxe3 Rc3 29. Qd1 Qxe3+ 30. Kf1 Rc1 0-1

[Event "TCh-CHN 2015"]
[Site "China CHN"]
[Date "2015.04.13"]
[Round "4.5"]
[Board "4"]
[White "Zhang, Xiaowen"]
[Black "Zhu, Jiner"]
[Result "1-0"]
[WhiteTitle "WGM"]
[WhiteElo "2349"]
[BlackElo "1989"]
[WhiteTeam "Shanghai"]
[BlackTeam "Zhejiang"]
[WhiteFideId "8603219"]
[BlackFideId "8608059"]
[EventDate "2015.04.10"]

1. e4 c5 2. Nf3 d6 3. d4 Nf6 4. Nc3 cxd4 5. Nxd4 a6 6. h3 e6 7. g4 d5 8. Nde2
Bb4 9. a3 Bxc3+ 10. Nxc3 Nxe4 11. Nxe4 dxe4 12. Qxd8+ Kxd8 13. Bf4 Ke8 14. O-O-O
Nd7 15. Bg2 f5 16. gxf5 exf5 17. f3 Nf6 18. Bg5 Kf7 19. Bxf6 exf3 20. Bxf3 Kxf6
21. Rhe1 g6 22. h4 f4 23. Rd6+ Kg7 24. Re7+ Kh6 25. Rf7 Rb8 26. Rxf4 b5 27. h5
Kg5 28. Rfd4 a5 29. hxg6 hxg6 30. Be4 Bf5 31. Bxf5 gxf5 32. Rd1 Rh4 33. R6d5 Kg4
34. Rg1+ Kf4 35. Rd4+ 1-0

[Event "TCh-CHN 2015"]
[Site "China CHN"]
[Date "2015.04.13"]
[Round "4.6"]
[Board "1"]
[White "Gao, Rui"]
[Black "Zhao, Jun"]
[Result "1/2-1/2"]
[WhiteTitle "GM"]
[BlackTitle "GM"]
[WhiteElo "2533"]
[BlackElo "2621"]
[WhiteTeam "Hangzhou"]
[BlackTeam "Shandong"]
[WhiteFideId "8602387"]
[BlackFideId "8602522"]
[EventDate "2015.04.10"]

1. e4 e5 2. Nf3 Nc6 3. Bb5 Nf6 4. d3 Bc5 5. O-O Nd4 6. Nxd4 Bxd4 7. c3 Bb6 8.
Na3 c6 9. Ba4 d6 10. Bb3 O-O 11. Bg5 h6 12. Bh4 g5 13. Bg3 Bg4 14. Qd2 Nh5 15.
Nc4 Nf4 16. d4 Bc7 17. Ne3 Bc8 18. f3 Qf6 19. Rad1 h5 20. Bf2 Re8 21. Kh1 Re7
22. Bc2 Kg7 23. g3 Ng6 24. Nf5+ Bxf5 25. exf5 Nf8 26. Be3 Nh7 27. dxe5 dxe5 28.
Qf2 Bb6 29. Bxb6 axb6 30. Qxb6 Rxa2 31. Qb4 Rc7 32. Rfe1 Qe7 33. Qb3 Ra5 34. c4
Rd7 35. Rxd7 Qxd7 36. Qc3 Qd8 37. Rd1 Qc7 38. b4 Ra8 39. c5 Rd8 40. Rd6 Rxd6 41.
Qxe5+ Nf6 42. cxd6 Qb6 43. h4 Qf2 44. hxg5 Qf1+ 45. Kh2 Qf2+ 46. Kh1 1/2-1/2

[Event "TCh-CHN 2015"]
[Site "China CHN"]
[Date "2015.04.13"]
[Round "4.6"]
[Board "2"]
[White "Lysyj, Igor"]
[Black "Liu, Qingnan"]
[Result "0-1"]
[WhiteTitle "GM"]
[BlackTitle "IM"]
[WhiteElo "2691"]
[BlackElo "2510"]
[WhiteTeam "Hangzhou"]
[BlackTeam "Shandong"]
[WhiteFideId "4150120"]
[BlackFideId "8603294"]
[EventDate "2015.04.10"]

1. d4 c5 2. d5 e5 3. e4 d6 4. Nc3 Be7 5. Bb5+ Kf8 6. f4 a6 7. Be2 exf4 8. Bxf4
Bg5 9. Qd2 Bxf4 10. Qxf4 Qf6 11. Qe3 Qh6 12. Qg3 Qg6 13. Qf4 Qf6 14. Qd2 Qh6 15.
Qd3 Nd7 16. Nf3 Ngf6 17. e5 dxe5 18. O-O Qf4 19. g3 Qb4 20. a3 Qb6 21. Kh1 g6
22. Nd2 Qd8 23. Bf3 Kg7 24. a4 h5 25. Rae1 Nb6 26. Rxe5 h4 27. g4 Bxg4 28. Rg5
Bxf3+ 29. Nxf3 Nbd7 30. Rfg1 Rh6 31. Qc4 Qc7 32. a5 Re8 33. b4 Re3 34. Rf1 b5
35. axb6 Nxb6 36. d6 Qc6 37. Qxc5 Rxc3 0-1

[Event "TCh-CHN 2015"]
[Site "China CHN"]
[Date "2015.04.13"]
[Round "4.6"]
[Board "3"]
[White "Bai, Jinshi"]
[Black "Wen, Yang"]
[Result "1/2-1/2"]
[WhiteTitle "IM"]
[BlackTitle "GM"]
[WhiteElo "2518"]
[BlackElo "2573"]
[WhiteTeam "Hangzhou"]
[BlackTeam "Shandong"]
[WhiteFideId "8602280"]
[BlackFideId "8602956"]
[EventDate "2015.04.10"]

1. d4 c5 2. d5 d6 3. c4 e5 4. e4 Be7 5. Nf3 Bg4 6. Nbd2 Bg5 7. Qa4+ Bd7 8. Qb3
Bxd2+ 9. Bxd2 b6 10. Bd3 Ne7 11. Qc2 O-O 12. O-O Na6 13. a3 h6 14. Be3 Nc7 15.
Nd2 Ng6 16. b4 Ne8 17. bxc5 bxc5 18. Rab1 Nf6 19. f3 Nf4 20. Rfe1 Nxd3 21. Qxd3
Nh5 22. Rb2 f5 23. exf5 Bxf5 24. Ne4 Rb8 25. Rxb8 Qxb8 26. Rb1 Qc7 27. Qb3 Qd8
28. Rf1 Bxe4 29. fxe4 Rxf1+ 30. Kxf1 Qd7 31. Qb5 Qf7+ 32. Kg1 Kh7 33. Qb1 Qg6
34. Bd2 Qg4 35. Qe1 Nf6 36. h3 Qxe4 37. Qxe4+ Nxe4 38. Ba5 Kg6 39. Kf1 Kf7 40.
Ke2 Ke7 41. Kf3 Nf6 42. g4 Nd7 43. Ke4 Nb6 44. Kd3 e4+ 45. Kxe4 Nxc4 46. Bc3 Kf7
47. a4 Nb6 48. a5 Nd7 49. Kd3 Nf6 50. Kc4 Ne4 51. Be1 a6 52. Kd3 Nf6 53. Kc4 Ke7
54. Bc3 Kf7 1/2-1/2

[Event "TCh-CHN 2015"]
[Site "China CHN"]
[Date "2015.04.13"]
[Round "4.6"]
[Board "4"]
[White "Xiao, Yiyi"]
[Black "Lei, Tingjie"]
[Result "1-0"]
[WhiteTitle "WFM"]
[BlackTitle "WGM"]
[WhiteElo "2218"]
[BlackElo "2444"]
[WhiteTeam "Shandong"]
[BlackTeam "Hangzhou"]
[WhiteFideId "8606161"]
[BlackFideId "8605114"]
[EventDate "2015.04.10"]

1. d4 Nf6 2. c4 g6 3. g3 c6 4. Bg2 d5 5. Nf3 Bg7 6. O-O dxc4 7. Na3 b5 8. Ne5
Nd5 9. e4 Nb4 10. Bf4 Nd7 11. Nc2 Nxe5 12. Nxb4 Nd3 13. Nxd3 cxd3 14. e5 Qb6 15.
Rc1 Bb7 16. Qxd3 O-O 17. Rfd1 Rfd8 18. Qc3 e6 19. h4 h5 20. Be3 Qa6 21. a3 Rac8
22. Bg5 Rd7 23. Qe3 Qb6 24. g4 hxg4 25. h5 c5 26. dxc5 Rxd1+ 27. Rxd1 Qc7 28.
Bxb7 Qxb7 29. Bf6 Bxf6 30. exf6 Kh7 31. Qg5 Rg8 32. c6 1-0

[Event "TCh-CHN 2015"]
[Site "China CHN"]
[Date "2015.04.13"]
[Round "4.6"]
[Board "5"]
[White "Xu, Huahua"]
[Black "Gu, Tianlu"]
[Result "1/2-1/2"]
[WhiteTitle "WIM"]
[BlackTitle "WIM"]
[WhiteElo "2105"]
[BlackElo "2182"]
[WhiteTeam "Shandong"]
[BlackTeam "Hangzhou"]
[WhiteFideId "8604096"]
[BlackFideId "8603995"]
[EventDate "2015.04.10"]

1. e4 e5 2. Nf3 Nc6 3. d4 exd4 4. Nxd4 Nf6 5. Nc3 Bb4 6. Nxc6 bxc6 7. Bd3 d5 8.
exd5 cxd5 9. O-O O-O 10. Bg5 c6 11. Qf3 h6 12. Bxf6 Qxf6 13. Qxf6 gxf6 14. Ne2
Bd6 15. b3 Rb8 16. Ng3 Bb4 17. Nf5 Bxf5 18. Bxf5 Rb7 19. Rad1 Re8 20. Rd4 Re5
21. Rg4+ Kf8 22. Bd3 h5 23. Rh4 Bc5 24. g3 Rb4 25. Rxb4 Bxb4 26. Kg2 Kg7 27. Kh3
Kh6 28. Kh4 Be7 29. Kh3 Bb4 30. Kh4 Re8 31. Rd1 Re5 32. Rf1 1/2-1/2

[Event "TCh-CHN 2015"]
[Site "China CHN"]
[Date "2015.06.04"]
[Round "5.1"]
[Board "1"]
[White "Zhao, Jun"]
[Black "Fang, Yuxiang"]
[Result "1/2-1/2"]
[WhiteTitle "GM"]
[WhiteElo "2621"]
[BlackElo "2437"]
[WhiteTeam "Shandong"]
[BlackTeam "Qingdao"]
[WhiteFideId "8602522"]
[BlackFideId "8605840"]
[EventDate "2015.04.10"]

1. e4 e6 2. d4 d5 3. Nd2 Nf6 4. e5 Nfd7 5. c3 c5 6. Bd3 b6 7. Ne2 Ba6 8. Bb1 Nc6
9. Nf3 Qc7 10. O-O g6 11. Re1 Bg7 12. h4 O-O-O 13. h5 gxh5 14. Nf4 h6 15. a3 Kb7
16. Nxh5 Bf8 17. Bf4 Be7 18. Bc2 Rdg8 19. Rb1 cxd4 20. cxd4 Bg5 21. Bh2 Rc8 22.
Bd3 Bxd3 23. Qxd3 Na5 24. Re2 Qc4 25. Qd1 Qb3 26. Bf4 Rhg8 27. Qxb3 Nxb3 28.
Bxg5 hxg5 29. Re3 Na5 30. g4 Rc2 31. Kf1 b5 32. Re2 Rc4 33. Rd1 Nc6 34. Red2 a5
35. Re1 a4 36. Ke2 Nc5 1/2-1/2